000 00785nam a22002651 4500
001 17307
003 BD-RjUL
005 20211209000123.0
008 140216s1945 nyuade b 001 0 eng
035 _a(BD-RjUL)17365
035 _a(OCoLC)1686614
040 _aDLC
_cFMU
_dDLC
_dBD-RjUL
_beng
041 _aeng
082 _a669.1
_bMAH 1945
100 1 _aMawhinney, Matthew Holmes,
_d1889-
_953345
245 0 4 _aThe heating of steel /
_cM. H. Mawhinney ...
260 _aNew York :
_bReinhold publishing corporation,
_cc1945.
300 _avii, 265 p. :
_bill., tables, diagrs. ;
_c24 cm.
504 _aBibliography : p. 38-39. and index.
650 0 _aSteel
_xMetallurgy.
_941670
650 0 _aFurnaces.
_953346
942 _2ddc
_cBK
999 _c17307
_d17307